000 01597cam a22002893a 4500
001 8139
003 PGUSA
005 20140828083153.0
008 050501s2005||||xxu|||||s|||||000 e eng d
040 _aPGUSA
_beng
042 _adc
050 4 _aPR
100 1 _aFeis, Jacob,
_d1842-1900
245 1 0 _aShakspere and Montaigne :
_bAn Endeavour to Explain the Tendency of 'Hamlet' from Allusions in Contemporary Works
_h[electronic resource] /
_cJacob Feis
260 _bProject Gutenberg,
_c2005
505 0 _aIntroduction -- The beginnings of the English drama. The stage a medium for political and religious controversies. Shakspere's political creed. Florio's translation of Montaigne's essays -- Montaigne -- Hamlet -- The controversy between Ben Johnson and Dekker. Mention of a dispute between Ben Jonson and Shakspere in 'The return from Parnassus'. Characteristic of Ben Jonson. Ben Jonson's hostile attitude towards Shakspere. Dramatic skirmish between Ben Jonson and Shakspere. Ben Jonson's 'Poetaster'. Dekker's 'Satiromastix' -- 'Volpone', by Ben Jonson. 'Eastward hoe', by Chapman, Ben Jonson, and Marston. 'The malcontent', by John Marston.
506 _aPublic domain in the USA.
516 _aElectronic text
653 _aMontaigne, Michel de, 1533-1592 -- Influence
653 _aShakespeare, William, 1564-1616. Hamlet
653 _aHamlet (Legendary character)
653 _aJonson, Ben, 1573?-1637
653 _aShakespeare, William, 1564-1616 -- Philosophy
830 0 _aProject Gutenberg
_v8139
856 4 0 _uhttp://www.gutenberg.org/ebooks/8139
942 _cEB
999 _c237439
_d237439